[Event "69. Corus Chess 2007 GM-C"]
[Site "Wijk aan Zee NED"]
[Date "2007.01.24"]
[Round "10.3"]
[White "Brynell, Stellan"]
[Black "Peng, Zhaoqin"]
[Result "1/2-1/2"]
[WhiteElo "2501"]
[BlackElo "2431"]
[PlyCount "66"]
[EventDate "2007.01.13"]
[EventType "tourn"]
[EventRounds "13"]
[EventCountry "NED"]
[EventCategory "10"]
[Source "lmi"]
[SourceDate "2007.01.13"]

1. d4 d5 2. c4 dxc4 3. Nf3 Nf6 4. e3 Bg4 5. Bxc4 e6 6. Nc3 Nbd7 7. h3 Bh5 8.
O-O Bb4 9. Be2 O-O 10. a3 Bxc3 11. bxc3 c5 12. a4 Qc7 13. Nd2 Bxe2 14. Qxe2 e5
15. dxe5 Qxe5 16. Nc4 Qe6 17. f3 Nd5 18. e4 Nxc3 19. Qd3 Ne5 20. Nxe5 Qxe5 21.
Bb2 Qd4+ 22. Qxd4 cxd4 23. Bxc3 dxc3 24. Rfc1 Rac8 25. Ra3 Rc4 26. Rcxc3 Rfc8
27. Rxc4 Rxc4 28. Rd3 h5 29. Rd8+ Kh7 30. Rd7 Rxa4 31. Rxb7 Kg6 32. h4 Kf6 33.
Kh2 g6 1/2-1/2

[Event "69. Corus Chess 2007 GM-C"]
[Site "Wijk aan Zee NED"]
[Date "2007.01.24"]
[Round "10.5"]
[White "Kosintseva, Nadezhda"]
[Black "Jonkman, Harmen"]
[Result "0-1"]
[WhiteElo "2496"]
[BlackElo "2425"]
[PlyCount "114"]
[EventDate "2007.01.13"]
[EventType "tourn"]
[EventRounds "13"]
[EventCountry "NED"]
[EventCategory "10"]
[Source "lmi"]
[SourceDate "2007.01.13"]

1. e4 e5 2. Nf3 Nc6 3. Bb5 Nf6 4. d3 d6 5. O-O g6 6. d4 Bd7 7. Re1 Bg7 8. d5
Ne7 9. Bxd7+ Nxd7 10. c4 h6 11. Nc3 f5 12. b4 O-O 13. a4 Nf6 14. Nd2 Qd7 15. a5
a6 16. Qa4 c6 17. Ba3 Rf7 18. Rad1 Rc8 19. Bb2 cxd5 20. Qxd7 Nxd7 21. cxd5 h5
22. Nf3 Bh6 23. Bc1 Bxc1 24. Rxc1 Rff8 25. Na2 fxe4 26. Ng5 Nf6 27. Nc3 e3 28.
fxe3 Rc4 29. e4 Rfc8 30. Na2 Rc2 31. Rxc2 Rxc2 32. Nc1 Kf8 33. Nd3 Rc3 34. Rf1
Neg8 35. Rf3 Rc4 36. h3 Ke7 37. Re3 Nh6 38. Kf2 Nf7 39. Nxf7 Kxf7 40. Kf3 g5
41. g4 h4 42. Re2 Ke7 43. b5 axb5 44. Rb2 Kd7 45. Rxb5 Kc7 46. Rb4 Rc3 47. Ke3
Ra3 48. Rb1 Ra4 49. Rf1 Rxe4+ 50. Kd2 Nxd5 51. Rf5 Nf4 52. Nxf4 gxf4 53. Rh5 f3
54. Rf5 Rf4 55. Rxf4 exf4 56. Ke1 d5 57. Kf2 d4 0-1

[Event "69. Corus Chess 2007 GM-C"]
[Site "Wijk aan Zee NED"]
[Date "2007.01.24"]
[Round "10.6"]
[White "Krasenkow, Michal"]
[Black "Bosboom, Manuel"]
[Result "1-0"]
[WhiteElo "2651"]
[BlackElo "2375"]
[PlyCount "59"]
[EventDate "2007.01.13"]
[EventType "tourn"]
[EventRounds "13"]
[EventCountry "NED"]
[EventCategory "10"]
[Source "lmi"]
[SourceDate "2007.01.13"]

1. Nf3 c5 2. c4 g6 3. d4 cxd4 4. Nxd4 Bg7 5. e4 Nc6 6. Be3 Nh6 7. Be2 d6 8. Nc3
f5 9. exf5 Nxf5 10. Nxf5 Bxf5 11. g4 Be6 12. f4 Qa5 13. Qd2 h5 14. gxh5 gxh5
15. Rg1 Bxc3 16. bxc3 Qa4 17. Bd4 Rf8 18. Bxh5+ Kd7 19. c5 dxc5 20. Bd1 Qa5 21.
Bg7+ Kc7 22. Bxf8 Rxf8 23. Qe3 Rf6 24. Rg7 Bd7 25. Bb3 Rh6 26. Bd5 Nd4 27. Rc1
Rxh2 28. Qe5+ Kb6 29. Rb1+ Bb5 30. Rg6+ 1-0

[Event "69. Corus Chess 2007 GM-C"]
[Site "Wijk aan Zee NED"]
[Date "2007.01.24"]
[Round "10.7"]
[White "Van der Wiel, John TH"]
[Black "Berg, Emanuel"]
[Result "1/2-1/2"]
[WhiteElo "2511"]
[BlackElo "2586"]
[PlyCount "112"]
[EventDate "2007.01.13"]
[EventType "tourn"]
[EventRounds "13"]
[EventCountry "NED"]
[EventCategory "10"]
[Source "lmi"]
[SourceDate "2007.01.13"]

1. e4 e6 2. d4 d5 3. Nd2 dxe4 4. Nxe4 Nd7 5. g3 Ngf6 6. Nxf6+ Nxf6 7. Bg2 c5 8.
Ne2 Qb6 9. O-O Bd7 10. c4 cxd4 11. Nxd4 Rd8 12. Be3 Bc5 13. b4 Qxb4 14. Rb1 Qc3
15. Bxb7 O-O 16. Qe2 Qa3 17. Nb5 Bxb5 18. Bc1 Bxc4 19. Qxc4 Qd3 20. Qb5 Qf5 21.
Bf4 Ng4 22. Kg2 g5 23. Rbc1 Be7 24. Qxf5 exf5 25. Rc7 gxf4 26. Rxe7 Rd2 27.
gxf4 Rxa2 28. h3 Nf6 29. Re5 Rb8 30. Bf3 Ne4 31. Rxf5 Nd6 32. Rc5 Rb4 33. Rd1
Nc4 34. Re1 Nd6 35. Rd5 Rb6 36. Re7 Kf8 37. Rd7 Nc4 38. Rc5 Nd6 39. Bd5 Rd2 40.
Rxa7 Rbb2 41. Rd7 Rxf2+ 42. Kg3 Nf5+ 43. Kg4 Ne3+ 44. Kg5 Nxd5 45. Rcxd5 Rg2+
46. Kf5 Kg7 47. Rd3 Rbe2 48. R7d5 Rg6 49. Rd6 h5 50. Rxg6+ fxg6+ 51. Kg5 Rg2+
52. Kh4 Kf6 53. Rd6+ Kf5 54. Rd5+ Kxf4 55. Rd4+ Ke5 56. Rd5+ Kxd5 1/2-1/2

[Event "69. Corus Chess 2007 GM-C"]
[Site "Wijk aan Zee NED"]
[Date "2007.01.26"]
[Round "11.1"]
[White "Berg, Emanuel"]
[Black "Willemze, Thomas"]
[Result "1/2-1/2"]
[WhiteElo "2586"]
[BlackElo "2393"]
[PlyCount "44"]
[EventDate "2007.01.13"]
[EventType "tourn"]
[EventRounds "13"]
[EventCountry "NED"]
[EventCategory "10"]
[Source "lmi"]
[SourceDate "2007.01.13"]

1. e4 c6 2. c4 d5 3. cxd5 cxd5 4. exd5 Nf6 5. Qa4+ Nbd7 6. Nc3 g6 7. Nf3 Bg7 8.
Bc4 a6 9. d3 O-O 10. Qa3 Nb6 11. Qb3 Bg4 12. Ng5 Rc8 13. O-O h6 14. Nge4 Nxe4
15. Nxe4 Nxc4 16. dxc4 Be2 17. Re1 Bxc4 18. Qh3 Bxd5 19. Bxh6 Bxe4 20. Bxg7
Kxg7 21. Rxe4 Qd2 22. Rf1 Rc1 1/2-1/2

[Event "69. Corus Chess 2007 GM-C"]
[Site "Wijk aan Zee NED"]
[Date "2007.01.26"]
[Round "11.2"]
[White "Bosboom, Manuel"]
[Black "Van der Wiel, John TH"]
[Result "0-1"]
[WhiteElo "2375"]
[BlackElo "2511"]
[PlyCount "96"]
[EventDate "2007.01.13"]
[EventType "tourn"]
[EventRounds "13"]
[EventCountry "NED"]
[EventCategory "10"]
[Source "lmi"]
[SourceDate "2007.01.13"]

1. g3 d5 2. Bg2 c6 3. d3 Bg4 4. h3 Bh5 5. g4 Bg6 6. f4 e6 7. e4 dxe4 8. dxe4
Qxd1+ 9. Kxd1 f6 10. Be3 Na6 11. a3 Bc5 12. Ke2 h5 13. Nc3 hxg4 14. hxg4 Rxh1
15. Bxh1 Nh6 16. Bf3 e5 17. Nh3 exf4 18. Nxf4 Bf7 19. Nd3 Bxe3 20. Kxe3 Be6 21.
Rg1 Nf7 22. e5 fxe5 23. g5 Ke7 24. g6 Nd6 25. Nxe5 Nf5+ 26. Kf4 Rf8 27. Bd1
Nd6+ 28. Kg3 Bf5 29. Re1 Kf6 30. Bg4 Re8 31. Bxf5 Kxf5 32. Nd3 Rxe1 33. Nxe1
Nc5 34. Kf3 Nc4 35. Nd1 Kxg6 36. a4 Nxa4 37. b3 Ncb2 38. Nf2 Nc3 39. Ng2 a5 40.
Ke3 Nbd1+ 41. Nxd1 Nxd1+ 42. Kd4 b6 43. Ke5 b5 44. Nf4+ Kh6 45. Kd4 a4 46. bxa4
bxa4 47. Kc4 Ne3+ 48. Kd3 a3 0-1

[Event "69. Corus Chess 2007 GM-C"]
[Site "Wijk aan Zee NED"]
[Date "2007.01.26"]
[Round "11.4"]
[White "Van Haastert, Edwin"]
[Black "Kosintseva, Nadezhda"]
[Result "1/2-1/2"]
[WhiteElo "2391"]
[BlackElo "2496"]
[PlyCount "37"]
[EventDate "2007.01.13"]
[EventType "tourn"]
[EventRounds "13"]
[EventCountry "NED"]
[EventCategory "10"]
[Source "lmi"]
[SourceDate "2007.01.13"]

1. e4 e5 2. Nf3 Nc6 3. Bb5 a6 4. Ba4 Nf6 5. O-O Bc5 6. c3 b5 7. Bb3 d6 8. a4
Bg4 9. h3 Bh5 10. d3 Rb8 11. axb5 axb5 12. Na3 O-O 13. Nc2 d5 14. Qe2 d4 15.
Bg5 h6 16. cxd4 Bxf3 17. Qxf3 Nxd4 18. Nxd4 Bxd4 19. Bxf6 1/2-1/2

[Event "69. Corus Chess 2007 GM-C"]
[Site "Wijk aan Zee NED"]
[Date "2007.01.26"]
[Round "11.6"]
[White "Nepomniachtchi, Ian"]
[Black "Brynell, Stellan"]
[Result "1-0"]
[WhiteElo "2587"]
[BlackElo "2501"]
[PlyCount "79"]
[EventDate "2007.01.13"]
[EventType "tourn"]
[EventRounds "13"]
[EventCountry "NED"]
[EventCategory "10"]
[Source "lmi"]
[SourceDate "2007.01.13"]

1. e4 e6 2. Nf3 d5 3. Nc3 d4 4. Ne2 c5 5. Ng3 Nf6 6. Bc4 Nc6 7. a3 Qc7 8. d3
Bd6 9. O-O h6 10. c3 dxc3 11. bxc3 O-O 12. Qe2 Ne5 13. Ba2 Nxf3+ 14. Qxf3 Be5
15. Ne2 b6 16. Qh3 Qd7 17. f4 Bc7 18. Bb2 Ba6 19. c4 Qe7 20. Rf3 Rad8 21. Rg3
Kh7 22. Rf1 Bc8 23. Bb1 Ne8 24. e5 g6 25. Bc1 Rh8 26. Rg4 Ng7 27. Ng3 Nf5 28.
Ne4 Kg7 29. Bb2 Bb7 30. Nd6 Bc6 31. d4 Bxd6 32. d5 Bc7 33. d6 Qe8 34. dxc7 Rc8
35. Bxf5 exf5 36. Rg3 Be4 37. Qh4 Qe6 38. Rd1 Kh7 39. Rd6 Qxc4 40. Rdxg6 1-0

[Event "69. Corus Chess 2007 GM-C"]
[Site "Wijk aan Zee NED"]
[Date "2007.01.26"]
[Round "11.7"]
[White "Hou Yifan"]
[Black "Spoelman, Wouter"]
[Result "1-0"]
[WhiteElo "2509"]
[BlackElo "2414"]
[PlyCount "45"]
[EventDate "2007.01.13"]
[EventType "tourn"]
[EventRounds "13"]
[EventCountry "NED"]
[EventCategory "10"]
[Source "lmi"]
[SourceDate "2007.01.13"]

1. e4 e5 2. Bc4 Nf6 3. d3 Nc6 4. Nf3 Bc5 5. c3 d6 6. O-O O-O 7. Bb3 a6 8. h3 h6
9. Re1 Ba7 10. Nbd2 Nh5 11. Nf1 Qf6 12. Be3 Nf4 13. d4 Ne7 14. Ng3 Neg6 15. Bc2
c6 16. Nf5 Re8 17. Nh2 h5 18. Kh1 d5 19. dxe5 Qg5 20. Ng3 h4 21. Nf3 Qh6 22.
Nf5 Qg5 23. Nxg5 1-0

[Event "69. Corus Chess 2007 GM-C"]
[Site "Wijk aan Zee NED"]
[Date "2007.01.27"]
[Round "12.1"]
[White "Willemze, Thomas"]
[Black "Spoelman, Wouter"]
[Result "0-1"]
[WhiteElo "2393"]
[BlackElo "2414"]
[PlyCount "63"]
[EventDate "2007.01.13"]
[EventType "tourn"]
[EventRounds "13"]
[EventCountry "NED"]
[EventCategory "10"]
[Source "lmi"]
[SourceDate "2007.01.13"]

1. e4 c5 2. Nf3 e6 3. d4 cxd4 4. Nxd4 Nc6 5. Nxc6 bxc6 6. Bd3 Nf6 7. O-O e5 8.
Kh1 Bc5 9. Nc3 O-O 10. Bg5 h6 11. Bh4 Be7 12. f4 d6 13. Qf3 Bg4 14. Qg3 exf4
15. Qxf4 Qd7 16. e5 dxe5 17. Qxe5 Rfe8 18. Bc4 Bd8 19. Qg3 g5 20. h3 gxh4 21.
Qf4 Bxh3 22. Rad1 Qg4 23. gxh3 Qxh3+ 24. Qh2 Re3 25. Rg1+ Ng4 26. Rd2 Kh8 27.
Qxh3 Rxh3+ 28. Kg2 Rg3+ 29. Kh1 Rh3+ 30. Kg2 Rh2+ 31. Kf3 Rxd2 32. Kxg4 0-1

[Event "69. Corus Chess 2007 GM-C"]
[Site "Wijk aan Zee NED"]
[Date "2007.01.27"]
[Round "12.3"]
[White "Negi, Parimarjan"]
[Black "Nepomniachtchi, Ian"]
[Result "1/2-1/2"]
[WhiteElo "2538"]
[BlackElo "2587"]
[PlyCount "110"]
[EventDate "2007.01.13"]
[EventType "tourn"]
[EventRounds "13"]
[EventCountry "NED"]
[EventCategory "10"]
[Source "lmi"]
[SourceDate "2007.01.13"]

1. e4 e6 2. d4 d5 3. Nc3 Nf6 4. Bg5 Bb4 5. e5 h6 6. Bc1 Ne4 7. Qg4 g6 8. Nge2
c5 9. a3 Ba5 10. dxc5 Nc6 11. b4 Nxe5 12. Qh3 Bc7 13. Nxe4 dxe4 14. Nc3 a5 15.
Rb1 axb4 16. axb4 Bd7 17. Bb2 Bc6 18. Rd1 Qf6 19. Nb5 Bb8 20. Bd4 Qf5 21. Qc3
O-O 22. Nd6 Bxd6 23. cxd6 Nd7 24. b5 Bd5 25. g4 Qxg4 26. Qg3 Qf3 27. Bg2 Qh5
28. O-O f5 29. f4 Rfc8 30. Rd2 Ra2 31. Rc1 g5 32. Bf1 Qf3 33. Rf2 Qxg3+ 34.
hxg3 Bc4 35. c3 Ra3 36. Rh2 Kh7 37. Bxc4 Rxc4 38. fxg5 e5 39. Rxh6+ Kg7 40. Bf2
Raxc3 41. Rxc3 Rxc3 42. Re6 e3 43. Re7+ Kg6 44. Be1 Rc1 45. Kf1 Nc5 46. Ke2 f4
47. d7 f3+ 48. Kxf3 Nxd7 49. Rxd7 Rxe1 50. Rxb7 Kxg5 51. b6 Kf6 52. Rc7 Rb1 53.
Rc6+ Kf5 54. g4+ Kg5 55. Kxe3 Kxg4 1/2-1/2

[Event "69. Corus Chess 2007 GM-C"]
[Site "Wijk aan Zee NED"]
[Date "2007.01.27"]
[Round "12.4"]
[White "Kosintseva, Nadezhda"]
[Black "Peng, Zhaoqin"]
[Result "1/2-1/2"]
[WhiteElo "2496"]
[BlackElo "2431"]
[PlyCount "158"]
[EventDate "2007.01.13"]
[EventType "tourn"]
[EventRounds "13"]
[EventCountry "NED"]
[EventCategory "10"]
[Source "lmi"]
[SourceDate "2007.01.13"]

1. e4 e6 2. d4 d5 3. Nc3 Nf6 4. e5 Nfd7 5. f4 c5 6. Nf3 Nc6 7. Be3 Be7 8. Qd2
O-O 9. dxc5 Bxc5 10. O-O-O Qb6 11. Bxc5 Nxc5 12. Bd3 Nb4 13. Kb1 Bd7 14. Qf2
Nbxd3 15. cxd3 Rfc8 16. Qd4 a5 17. h4 Ra6 18. Rc1 Qb4 19. Rhd1 h6 20. Ne2 Rac6
21. Qxb4 axb4 22. Ned4 R6c7 23. Rc2 Ba4 24. b3 Bd7 25. Kc1 b6 26. Kd2 Ra7 27.
Ke3 Kf8 28. Ne2 Ke7 29. Nc1 Rac7 30. Nd4 f6 31. Rf1 Be8 32. g4 fxe5 33. fxe5
Nd7 34. Rxc7 Rxc7 35. Kf4 Nf8 36. h5 g6 37. Nce2 gxh5 38. gxh5 Bxh5 39. Ke3
Bxe2 40. Rxf8 Rc3 41. Rf4 Bxd3 42. Rf6 Bf5+ 43. Kf4 Bh3 44. Rxh6 Rd3 45. Rh7+
Kf8 46. Nf3 Bf5 47. Rb7 Rc3 48. Nd4 Rc1 49. Rxb6 Rf1+ 50. Kg3 Rg1+ 51. Kf3 Rf1+
52. Ke2 Ra1 53. Ra6 Kf7 54. Nc6 Rh1 55. Nxb4 Rh2+ 56. Ke3 Rh4 57. Nxd5 Re4+ 58.
Kf3 Rxe5 59. Ra7+ Ke8 60. Ne3 Bd3 61. a4 Rh5 62. Ng4 Kd8 63. b4 e5 64. Nf6 e4+
65. Ke3 Rh3+ 66. Kd4 Bc2 67. Nd5 Rd3+ 68. Kxe4 Ra3+ 69. Ke5 Rxa4 70. Rf7 Bb3
71. Rf8+ Kd7 72. Nb6+ Ke7 73. Nxa4 Kxf8 74. Nc5 Bc4 75. Kd6 Ke8 76. Ne4 Kd8 77.
Kc6 Bf1 78. Nd6 Be2 79. b5 Bxb5+ 1/2-1/2

[Event "69. Corus Chess 2007 GM-C"]
[Site "Wijk aan Zee NED"]
[Date "2007.01.27"]
[Round "12.5"]
[White "Krasenkow, Michal"]
[Black "Van Haastert, Edwin"]
[Result "1-0"]
[WhiteElo "2651"]
[BlackElo "2391"]
[PlyCount "67"]
[EventDate "2007.01.13"]
[EventType "tourn"]
[EventRounds "13"]
[EventCountry "NED"]
[EventCategory "10"]
[Source "lmi"]
[SourceDate "2007.01.13"]

1. Nf3 Nf6 2. c4 Nc6 3. d4 e6 4. a3 d6 5. Nc3 g6 6. e4 Bg7 7. h3 O-O 8. Bg5 h6
9. Be3 Kh8 10. Qd2 Ng8 11. Be2 e5 12. O-O-O f5 13. exf5 gxf5 14. g3 f4 15. gxf4
Na5 16. Qc2 exf4 17. Bd2 Bf5 18. Bd3 Bxd3 19. Qxd3 Nb3+ 20. Kb1 Nxd2+ 21. Rxd2
c6 22. Rg1 Rf7 23. Rg4 Qd7 24. Nh4 Ne7 25. Re2 Kg8 26. d5 Nf5 27. Ng6 Nd4 28.
Re4 c5 29. Ne2 Nxe2 30. Qxe2 f3 31. Qe3 b5 32. Ne7+ Kf8 33. Rxg7 Kxg7 34. Rg4+
1-0

[Event "69. Corus Chess 2007 GM-C"]
[Site "Wijk aan Zee NED"]
[Date "2007.01.27"]
[Round "12.6"]
[White "Van der Wiel, John TH"]
[Black "Jonkman, Harmen"]
[Result "1-0"]
[WhiteElo "2511"]
[BlackElo "2425"]
[PlyCount "67"]
[EventDate "2007.01.13"]
[EventType "tourn"]
[EventRounds "13"]
[EventCountry "NED"]
[EventCategory "10"]
[Source "lmi"]
[SourceDate "2007.01.13"]

1. e4 e5 2. Nf3 Nc6 3. Nc3 Nf6 4. Be2 Bb4 5. Nd5 Ba5 6. c3 Nxe4 7. d3 Nf6 8.
Bg5 d6 9. Nd2 Be6 10. Bxf6 gxf6 11. Bf3 Bb6 12. Nc4 Nb8 13. Qa4+ Bd7 14. Qa3
Na6 15. b4 O-O 16. Qc1 c6 17. Ndxb6 axb6 18. Nxd6 Be6 19. Qh6 Qxd6 20. Be4 Rfd8
21. Bxh7+ Kh8 22. Be4+ Kg8 23. g4 Nxb4 24. cxb4 Qxb4+ 25. Kf1 Bd5 26. Bh7+ Kh8
27. Bf5+ Kg8 28. Bh7+ Kh8 29. Bf5+ Kg8 30. g5 Qd4 31. Re1 e4 32. Bh7+ Kh8 33.
Bxe4+ Kg8 34. Bh7+ 1-0

[Event "69. Corus Chess 2007 GM-C"]
[Site "Wijk aan Zee NED"]
[Date "2007.01.27"]
[Round "12.7"]
[White "Berg, Emanuel"]
[Black "Bosboom, Manuel"]
[Result "1-0"]
[WhiteElo "2586"]
[BlackElo "2375"]
[PlyCount "119"]
[EventDate "2007.01.13"]
[EventType "tourn"]
[EventRounds "13"]
[EventCountry "NED"]
[EventCategory "10"]
[Source "lmi"]
[SourceDate "2007.01.13"]

1. e4 c5 2. Nf3 d6 3. d4 cxd4 4. Nxd4 Nf6 5. Nc3 a6 6. Bg5 e6 7. f4 Nbd7 8. Qf3
h6 9. Bh4 Rg8 10. Bf2 Qc7 11. O-O-O Be7 12. Bd3 g5 13. g3 b5 14. Rhe1 Bb7 15.
Qe2 b4 16. Nd5 Nxd5 17. exd5 Bxd5 18. Bh7 Rh8 19. Be4 Bxe4 20. Qxe4 Rc8 21. Re2
Nc5 22. Nxe6 Nxe6 23. f5 Nd8 24. Bb6 Qd7 25. Rde1 Nc6 26. f6 Ne5 27. fxe7 f6
28. Bd4 Kf7 29. Rf1 Qxe7 30. Ref2 Rce8 31. Qd5+ Kg7 32. Rxf6 Rhf8 33. Rxf8 Rxf8
34. Rxf8 Kxf8 35. Qa8+ Kf7 36. Qxa6 Nf3 37. Qc4+ Qe6 38. Qxb4 Kg6 39. b3 Nxh2
40. a4 Nf3 41. a5 Nxd4 42. Qxd4 Qe1+ 43. Kb2 Qxa5 44. Qxd6+ Kf5 45. b4 Qa4 46.
Qc5+ Kg4 47. b5 Qa5 48. Qc8+ Kh5 49. Qh3+ Kg6 50. Qe6+ Kh5 51. Qe2+ Kg6 52.
Qd3+ Kh5 53. Qf3+ Kg6 54. Qc6+ Kh5 55. b6 Qe5+ 56. Ka2 Qxg3 57. Qe8+ Kh4 58. b7
Qc7 59. b8=Q Qxc2+ 60. Qb2 1-0

[Event "69. Corus Chess 2007 GM-C"]
[Site "Wijk aan Zee NED"]
[Date "2007.01.28"]
[Round "13.1"]
[White "Bosboom, Manuel"]
[Black "Willemze, Thomas"]
[Result "1-0"]
[WhiteElo "2375"]
[BlackElo "2393"]
[PlyCount "61"]
[EventDate "2007.01.13"]
[EventType "tourn"]
[EventRounds "13"]
[EventCountry "NED"]
[EventCategory "10"]
[Source "lmi"]
[SourceDate "2007.01.13"]

1. e4 e6 2. d3 d5 3. Nd2 Nf6 4. Ngf3 b6 5. g3 dxe4 6. dxe4 Bc5 7. Bb5+ c6 8.
Bd3 e5 9. Qe2 Qc7 10. b3 Bh3 11. Bb2 Nbd7 12. O-O-O b5 13. Ng5 Bg4 14. f3 Be6
15. Nxe6 fxe6 16. f4 O-O 17. g4 Qa5 18. g5 Ne8 19. f5 Qxa2 20. Nb1 Bd4 21. Bxd4
exd4 22. e5 Nc5 23. f6 g6 24. h4 Nc7 25. h5 Nd5 26. hxg6 Nc3 27. Qh5 Nxd3+ 28.
Kd2 Ne4+ 29. Kxd3 Nc5+ 30. Kxd4 Nxb3+ 31. Ke3 1-0

[Event "69. Corus Chess 2007 GM-C"]
[Site "Wijk aan Zee NED"]
[Date "2007.01.28"]
[Round "13.2"]
[White "Jonkman, Harmen"]
[Black "Berg, Emanuel"]
[Result "1-0"]
[WhiteElo "2425"]
[BlackElo "2586"]
[PlyCount "69"]
[EventDate "2007.01.13"]
[EventType "tourn"]
[EventRounds "13"]
[EventCountry "NED"]
[EventCategory "10"]
[Source "lmi"]
[SourceDate "2007.01.13"]

1. e4 e6 2. d4 d5 3. Nd2 Nf6 4. e5 Nfd7 5. Bd3 c5 6. c3 Nc6 7. Ne2 cxd4 8. cxd4
f6 9. exf6 Nxf6 10. O-O Bd6 11. Nf3 Qc7 12. Bg5 O-O 13. Bh4 Nh5 14. Qc2 h6 15.
Bh7+ Kh8 16. Bg6 Rxf3 17. Bxh5 Bxh2+ 18. Kh1 Rf5 19. Bg6 Bd6 20. Bxf5 exf5 21.
Rae1 Bd7 22. Nc3 Qa5 23. Bg3 Nb4 24. Qd2 f4 25. Bxf4 Bxf4 26. Qxf4 Nd3 27. Qf7
Nxe1 28. Rxe1 Bc6 29. Re7 Rg8 30. Ne2 Qd2 31. Nf4 Qxd4 32. Ng6+ Kh7 33. Qf5 Re8
34. Ne5+ Kh8 35. Rxg7 1-0

[Event "69. Corus Chess 2007 GM-C"]
[Site "Wijk aan Zee NED"]
[Date "2007.01.28"]
[Round "13.3"]
[White "Van Haastert, Edwin"]
[Black "Van der Wiel, John TH"]
[Result "1/2-1/2"]
[WhiteElo "2391"]
[BlackElo "2511"]
[PlyCount "40"]
[EventDate "2007.01.13"]
[EventType "tourn"]
[EventRounds "13"]
[EventCountry "NED"]
[EventCategory "10"]
[Source "lmi"]
[SourceDate "2007.01.13"]

1. e4 c5 2. Nf3 Nc6 3. d4 cxd4 4. Nxd4 e5 5. Nb5 d6 6. N1c3 a6 7. Na3 b5 8. Nd5
Nf6 9. c4 b4 10. Nxf6+ Qxf6 11. Nc2 Qg6 12. Qd5 Bb7 13. Nxb4 Nd8 14. Qd1 Qxe4+
15. Be3 Be7 16. Nd5 Bxd5 17. Qxd5 Qxd5 18. cxd5 f5 19. Rc1 Bf6 20. b3 O-O
1/2-1/2

[Event "69. Corus Chess 2007 GM-C"]
[Site "Wijk aan Zee NED"]
[Date "2007.01.28"]
[Round "13.7"]
[White "Spoelman, Wouter"]
[Black "Brynell, Stellan"]
[Result "1/2-1/2"]
[WhiteElo "2414"]
[BlackElo "2501"]
[PlyCount "55"]
[EventDate "2007.01.13"]
[EventType "tourn"]
[EventRounds "13"]
[EventCountry "NED"]
[EventCategory "10"]
[Source "lmi"]
[SourceDate "2007.01.13"]

1. e4 e5 2. Nf3 Nc6 3. Bb5 a6 4. Ba4 Nf6 5. O-O Be7 6. Re1 b5 7. Bb3 d6 8. c3
O-O 9. h3 Na5 10. Bc2 c5 11. d4 Nd7 12. d5 Nb6 13. Nbd2 f5 14. exf5 Bxf5 15.
Bxf5 Rxf5 16. Ne4 Qd7 17. b3 Nb7 18. Be3 Raf8 19. Nh2 Bd8 20. Nf1 c4 21. Nfg3
R5f7 22. Kh1 a5 23. f3 cxb3 24. axb3 a4 25. Re2 axb3 26. Qxb3 Nc4 27. Rb1 Qc8
28. Ra1 1/2-1/2